| 000 | 00612nam a2200181 4500 | ||
|---|---|---|---|
| 008 | 171121b xxu||||| |||| 00| 0 eng d | ||
| 020 | _a0380975181 | ||
| 082 |
_21998 _aDC 612.68 _bB783 |
||
| 100 |
_923570 _aBova, Ben, author. |
||
| 245 |
_aImmortality : _bhow science is extending your life span--and changing the world / _cBen Bova. |
||
| 250 | _a1st ed | ||
| 260 |
_aNew York : _b Avon Books, _c©1998. |
||
| 300 |
_axv, 283 pages ; 25 cm _c25 cm. |
||
| 500 | _aIncludes bibliographical references and index. | ||
| 650 | 0 |
_923571 _aLongevity _xPopular works |
|
| 650 | 0 |
_923572 _aLongevity |
|
| 942 |
_2ddc _cDC |
||
| 999 |
_c7804 _d7804 |
||